| 000 | 00749nam a2200277Ia 4500 | ||
|---|---|---|---|
| 005 | 20250425162330.0 | ||
| 008 | 250425s9999 xx 000 0 und d | ||
| 020 | _a9702607612 | ||
| 041 | _aspa | ||
| 043 | _amx | ||
| 082 | _a657.42 | ||
| 100 | _aHORNGREN, CHARLES T. | ||
| 245 | 0 | _aCONTABILIDAD DE COSTOS: UN ENFOQUE GERENCIAL | |
| 250 | _a12A ED. | ||
| 260 | _aMEXICO | ||
| 260 |
_aMéxico _bPEARSON EDUCATION _c2007 |
||
| 300 | _a868 | ||
| 500 | _aTítulo Traducido: COST ACCOUNTING: A MANAGERIAL EMPHASIS | ||
| 650 | _aANALISIS DE COSTOS | ||
| 650 | _aCONTABILIDAD DE COSTOS | ||
| 650 | _aNEGOCIOS-INTERNET | ||
| 650 | _aPRESUPUESTOS | ||
| 700 |
_aJACQUELINE L. CHAVEZ SERVIN _etraductor |
||
| 942 | _c01 | ||
| 010 | _a63093 | ||
| 999 |
_c227061 _d227061 |
||